LEADER 01829oam 2200481M 450 001 9910716513803321 005 20210706141522.0 035 $a(CKB)5470000002523021 035 $a(OCoLC)1065961211 035 $a(OCoLC)995470000002523021 035 $a(EXLCZ)995470000002523021 100 $a20071213d1926 ua 0 101 0 $aeng 135 $aurcn||||||||| 181 $ctxt$2rdacontent 182 $cc$2rdamedia 183 $acr$2rdacarrier 200 10$aRailroad bridge across the Pearl River in the State of Mississippi. June 23 (calendar day, June 29), 1926. -- Ordered to be printed 210 1$a[Washington, D.C.] :$c[U.S. Government Printing Office],$d1926. 215 $a1 online resource (2 pages) 225 1 $aSenate report / 69th Congress, 1st session. Senate ;$vno. 1166 225 1 $a[United States congressional serial set] ;$v[serial no. 8526] 300 $aBatch processed record: Metadata reviewed, not verified. Some fields updated by batch processes. 300 $aFDLP item number not assigned. 517 $aRailroad bridge across the Pearl River in the State of Mississippi. June 23 606 $aBridge construction industry 606 $aBridges$xDesign and construction 606 $aBridges 608 $aLegislative materials.$2lcgft 615 0$aBridge construction industry. 615 0$aBridges$xDesign and construction. 615 0$aBridges. 701 $aBingham$b Hiram$f1875-1956$pRepublican (CT)$0463205 801 0$bWYU 801 1$bWYU 801 2$bOCLCO 801 2$bOCLCQ 801 2$bOCLCO 801 2$bOCLCQ 906 $aBOOK 912 $a9910716513803321 996 $aRailroad bridge across the Pearl River in the State of Mississippi. June 23 (calendar day, June 29), 1926. -- Ordered to be printed$93494305 997 $aUNINA LEADER 01167nam0 22002771i 450 001 UON00224566 005 20231205103430.719 010 $a88-19-01726-1 100 $a20030730d2000 |0itac50 ba 101 $aita 102 $aIT 105 $a|||| ||||| 200 1 $aInternet per le pubbliche amministrazioni$eCome utilizzare al meglio le opportunitÓ della rete per avvicinare le istituzioni ai cittadini$fGiancarlo Fornari$gMichele Diodati 210 $aMilano$cBuffetti$d2000. XXX$d335 p. ; 25 cm. 606 $aInformatica$xDiritto$xRapporti$3UONC036972$2FI 606 $aInternet$3UONC045331$2FI 620 $aIT$dMilano$3UONL000005 700 1$aFORNARI$bGiancarlo$3UONV136256$0120447 701 1$aDIODATI$bMichele$3UONV136257$0476274 712 $aBuffetti Editore$3UONV266685$4650 801 $aIT$bSOL$c20250919$gRICA 899 $aSIBA - SISTEMA BIBLIOTECARIO DI ATENEO$2UONSI 912 $aUON00224566 950 $aSIBA - SISTEMA BIBLIOTECARIO DI ATENEO$dSI PUB H 0505 $eSI SC 35962 5 0505 996 $aInternet per le pubbliche amministrazioni$91269737 997 $aUNIOR